| 000 | 00438nam a22001817a 4500 | ||
|---|---|---|---|
| 003 | MPLRDC | ||
| 005 | 20220104114003.0 | ||
| 008 | 210129b ||||| |||| 00| 0 eng d | ||
| 020 | _a7-224-03066-X | ||
| 082 | _a848.4 JPA-10 | ||
| 100 | _a王新民选编 | ||
| 245 |
_a多色贾平凹 _c |
||
| 250 | _a一版一刷 | ||
| 260 |
_a _b陕西人民出版社 _c1993 |
||
| 300 | _b平 | ||
| 650 | _a现代别集 | ||
| 942 |
_cBK _o848.4 JPA-10 |
||
| 999 |
_c3924 _d3914 |
||